000 00344nam a2200145Ia 4500
008 230312s9999||||xx |||||||||||||| ||und||
020 _a0-500-28916-7
082 _a720.959
_bWIJ-A
100 _aWijaya;made
245 0 _aArchitecture of bali
260 _aChina
_c2010
300 _a223
650 _aArchitecture
_vArchitecture
942 _cBK
999 _c12688
_d12688